000 00301nam a22001217a 4500
008 230704b xxu||||| |||| 00| 0 eng d
082 _a341.24
_bEAC
100 _cEAC
245 _aProceedings of the East African Legislative Assembly(EALA)
_b2005
260 _c2005
300 _a373p
942 _2ddc
_cBK
999 _c3665
_d3665